| 000 | 00349nam a22001451a 4500 | ||
|---|---|---|---|
| 020 | _a9788188134564 | ||
| 082 |
_aH 294.4 _bPRA/J |
||
| 100 | _aPramod Yogarthi | ||
| 245 |
_aJaina tattvamimamsa aur syadvad/ _cby Pramod Yogarthi |
||
| 260 |
_aNew Delhi: _bSatyam, _c2006. |
||
| 300 | _a96p. | ||
| 650 | _aJainism | ||
| 650 | _aReligion | ||
| 942 | _cBK | ||
| 999 |
_c21336 _d21336 |
||